Central Library OPAC University of Rajshahi

Absolute beginner's guide to project management / (Record no. 77330)

MARC details
000 -LEADER
fixed length control field 01041nam a2200337 a 4500
001 - CONTROL NUMBER
control field 77330
003 - CONTROL NUMBER IDENTIFIER
rucl marc code BD-RjUL
005 - DATE AND TIME OF LATEST TRANSACTION
control field 20211209082947.0
008 - FIXED-LENGTH DATA ELEMENTS--GENERAL INFORMATION
fixed length control field 200315s2005 inua f 001 0 eng d
020 ## - INTERNATIONAL STANDARD BOOK NUMBER
International Standard Book Number 0789731975 (pbk.)
035 ## - SYSTEM CONTROL NUMBER
System control number (OCoLC)ocm57380406
040 ## - CATALOGING SOURCE
Original cataloging agency UKM
Transcribing agency UKM
Modifying agency C#P
-- VP@
-- DLC
Language of cataloging eng
041 ## - LANGUAGE CODE
Language code of text/sound track or separate title eng
042 ## - AUTHENTICATION CODE
Authentication code lccopycat
082 04 - DEWEY DECIMAL CLASSIFICATION NUMBER
Classification number 658.404
Edition number 22
Author mark and year HOA 2005
100 1# - MAIN ENTRY--PERSONAL NAME
Personal name Horine, Greg.
9 (RLIN) 240898
245 10 - TITLE STATEMENT
Title Absolute beginner's guide to project management /
Statement of responsibility, etc. Gregory M. Horine.
246 30 - VARYING FORM OF TITLE
Title proper/short title Project management
260 ## - PUBLICATION, DISTRIBUTION, ETC. (IMPRINT)
Place of publication, distribution, etc. Indianapolis, Ind. :
Name of publisher, distributor, etc. Que,
Date of publication, distribution, etc. c2005.
300 ## - PHYSICAL DESCRIPTION
Pagination ix, 324 p. :
Illustrations ill. ;
Size 23 cm.
490 1# - SERIES STATEMENT
Series statement Absolute beginner's guide
500 ## - GENERAL NOTE
General note Includes index.
650 #0 - SUBJECT ADDED ENTRY--TOPICAL TERM
Topical term or geographic name as entry element Project management.
9 (RLIN) 240899
830 #0 - SERIES ADDED ENTRY--UNIFORM TITLE
Uniform title Absolute beginner's guide series.
856 41 - ELECTRONIC LOCATION AND ACCESS
Materials specified Table of contents
Uniform Resource Identifier <a href="http://www.loc.gov/catdir/toc/fy0604/2004109550.html">http://www.loc.gov/catdir/toc/fy0604/2004109550.html</a>
942 ## - ADDED ENTRY ELEMENTS (KOHA)
Source of classification or shelving scheme Dewey Decimal Classification
Koha item type Books
Holdings
Lost status Source of classification or shelving scheme Damaged status Not for loan Permanent Location Current Location Shelving location Date acquired Source of acquisition Cost, normal purchase price Total Checkouts Full call number Date last seen Copy number Koha item type
  Dewey Decimal Classification   Not For Loan Central Library, University of Rajshahi Central Library, University of Rajshahi Reading Room 04/03/2020 American Center Library, Dhaka 18.95   658.404 HOA 2005 15/03/2020 C-1 Books